000 01091nam a2200229Ia 4500
999 _c38334
_d38334
001 4344
003 GE_BSU
005 20191004173222.0
008 181216s1988||||ge |||||||||||||| ||geo||
040 _cGE_BSU
041 _ageo
080 _a316.356.2(075.3) ა–91
100 _aაფანასიევა, თ.
_94546
245 _aოჯახი :
_bდამხმ. სახელმძღვ. საშ. სასწ. მოსწავლეთათვის /
_cმთარგმნ.: თამარ მუსერიძე ; ქართული თარგმ. რედ.: აკ. ბაინდურაშვილი.
264 _aთბ. :
_bგანათლება,
_c1988.
300 _a307 გვ. ;
_b22 სმ.
504 _aბიბლიოგრ.: გვ. 306-307.
653 _a ოჯახის სოციოლოგია
700 _aმუსერიძე, თამარ
_eმთარგმნელი
_94547
700 _aბაინდურაშვილი, აკ.
_eრედაქტორი
_94548
942 _cBK
_2udc